Statistics for UK Number one hits 1980

Click here to take the quiz!

General Stats

  • This quiz has been taken 5 times
  • The average score is 2 of 24

Answer Stats

HintAnswer% Correct
ONJXanadu
60%
DBAshes to Ashes
40%
BAtomic
20%
BCall me
20%
KRCoward of the county
20%
KMFeels like I'm in love
20%
DMRGeno
20%
JL(Just like) Starting over
20%
BThe tide is high
20%
PBrass in Pocket
0%
DMCrying
0%
PDon't stand so close to me
0%
JGoing underground
0%
JStart
0%
ASuper trouper
0%
MTheme from M*A*S*H*
0%
SWSCThere's no one quite like grandma
0%
SThe special AKA Live!
0%
AThe winner takes it all
0%
FKTogether we are beautiful
0%
Ouse it up wear it out
0%
JLWhat's another year
0%
BSWoman in love
0%
DSWorking my way back to you
0%

Score Distribution

Percentile by Number Answered

Percent of People with Each Score

Your Score History

You have not taken this quiz